Fábulas en verso castellano y en variedad de metros / (Record no. 162587)

MARC details
000 -LEADER
campo de control de longitud fija 01167nam a22002535i 4500
001 - NÚMERO DE CONTROL
campo de control 162587
003 - IDENTIFICADOR DE NÚMERO DE CONTROL
campo de control ES-MaACL
005 - FECHA Y HORA DE LA ÚLTIMA TRANSACCIÓN
campo de control 20251003162103.0
008 - DATOS DE LONGITUD FIJA--INFORMACIÓN GENERAL
campo de control de longitud fija 940301m18611862sp a |||| | spa d
040 ## - FUENTE DE CATALOGACIÓN
Centro catalogador/agencia de origen AS
Lengua de catalogación spa
080 ## - NÚMERO DE LA CLASIFICACIÓN DECIMAL UNIVERSAL
Número de la Clasificación Decimal Universal 821.134.2-191"18"
100 1# - ENTRADA PRINCIPAL--NOMBRE DE PERSONA
Nombre de persona Príncipe, Miguel Agustín,
Fechas asociadas al nombre 1811-1863
9 (RLIN) 131397
245 10 - MENCIÓN DEL TÍTULO
Título Fábulas en verso castellano y en variedad de metros /
Mención de responsabilidad, etc. por Miguel Agustín Príncipe.
250 ## - MENCION DE EDICION
Mención de edición 1ª ed.
Resto de la mención de edición adornada con 18 láms. litografiadas ... por Mugica y Donon, precedida de un prólogo que contiene la historia de la fábula desde Esopo hasta nuestros días, y seguida de un Arte métrica...
260 ## - PUBLICACIÓN, DISTRIBUCIÓN, ETC.
Lugar de publicación, distribución, etc. Madrid :
Nombre del editor, distribuidor, etc. [s.n.],
Fecha de publicación, distribución, etc. 1861-1862 (
Fabricante Imprenta de M. Ibo Alfaro, a cargo de Gómez Vera)
300 ## - DESCRIPCIÓN FÍSICA
Extensión XXX, 680 p., [18] h. de lám. ;
Dimensiones 17 cm.
530 ## - NOTA DISPONIBLE DE FORMULARIO FÍSICO ADICIONAL
Nota de formato físico adicional disponible Disponible en formato digital.
596 #1 - NOTA AL PIE DE IMPRENTA
NOTA AL PIE DE IMPRENTA Fecha en pie de imp.: "1861 y 1862"
700 1# - ENTRADA AGREGADA--NOMBRE PERSONAL
Nombre de persona Múgica y Pérez, Carlos,
Fechas asociadas al nombre n. 1821
9 (RLIN) 155110
700 1# - ENTRADA AGREGADA--NOMBRE PERSONAL
Nombre de persona Donon, Julio.
9 (RLIN) 155111
852 ## - LOCALIZACIÓN
Ubicación ES-MaACL
Número de control de estantería D-1889
Nota libre -- Enc. hol.
856 ## - LOCALIZACIÓN Y ACCESO ELECTRÓNICOS
Identificador Uniforme de Recursos <a href="http://bdh-rd.bne.es/viewer.vm?id=0000047161&page=1 ">http://bdh-rd.bne.es/viewer.vm?id=0000047161&page=1 </a>
Nota pública Biblioteca Digital Hispánica
Holdings
Estatus retirado Estado de pérdida Estado de daño No para préstamo Colección Biblioteca de origen Biblioteca actual Ubicación en estantería Fecha de adquisición Fuente de adquisición Total de préstamos Signatura topográfica completa Código de barras Visto por última vez Precio de reemplazo Tipo de ítem Koha
        Colección digital Biblioteca del Ateneo de Madrid Biblioteca del Ateneo de Madrid Sala Valle Inclán 17/01/2008     D-1889 901170331 23/02/2023 23/02/2023 Libro impreso antiguo